[Event "Arica op 6th"]
[Site "Arica"]
[Date "2019.12.16"]
[Round "2"]
[White "Paez Medina, Guillermo Alejandro"]
[Black "Henriquez Villagra, Cristobal"]
[Result "1/2-1/2"]
[WhiteElo "2132"]
[BlackElo "2593"]
[PlyCount "61"]
[EventDate "2019.12.15"]
[EventType "swiss"]
[EventRounds "10"]
[EventCountry "CHI"]
[SourceTitle "CBM 193 Extra"]
[Source "ChessBase"]
[SourceDate "2020.01.31"]
[SourceVersion "1"]
[SourceVersionDate "2020.01.31"]
[SourceQuality "1"]

1. e4 c5 2. Nf3 d6 3. d4 cxd4 4. Nxd4 Nf6 5. Nc3 Nc6 6. Bg5 e6 7. Qd2 a6 8. 0-0-0 Qc7 9. f4 h6 10. Bh4 Be7 11. Kb1 Bd7 12. Be2 0-0 13. Nf3 Rfd8 14. g4 b5 15. g5 hxg5 16. fxg5 Ne8 17. g6 fxg6 18. Rhg1 Bxh4 19. Nxh4 b4 20. Nd5 exd5 21. Qxd5+ Kh7 22. Nxg6 Ne5 23. Nxe5 Bb5 24. Rg3 Qc8 25. Bg4 dxe5 26. Rh3+ Kg6 27. Bh5+ Kh6 28. Bg4+ Kg6 29. Bh5+ Kh6 30. Bg4+ Kg6 31. Bh5+ 1/2-1/2

[Event "Arica op 4th"]
[Site "Arica"]
[Date "2017.12.11"]
[Round "3"]
[White "Paez Medina, Guillermo Alejandro"]
[Black "Rodriguez Vila, Andres"]
[Result "1/2-1/2"]
[WhiteElo "2183"]
[BlackElo "2459"]
[PlyCount "69"]
[EventDate "2017.12.10"]
[EventType "swiss"]
[EventRounds "10"]
[EventCountry "CHI"]
[SourceTitle "CBM 182 Extra"]
[Source "ChessBase"]
[SourceDate "2018.02.23"]
[SourceVersion "1"]
[SourceVersionDate "2018.02.23"]
[SourceQuality "1"]

1. e4 c5 2. Nf3 Nc6 3. d4 cxd4 4. c3 dxc3 5. Nxc3 e6 6. Bc4 a6 7. 0-0 Qc7 8. Qe2 Nf6 9. Rd1 Bd6 10. Rxd6 Qxd6 11. e5 Nxe5 12. Nxe5 b5 13. Bb3 Bb7 14. Bg5 0-0 15. Rd1 Nd5 16. Nxd5 Bxd5 17. Bxd5 exd5 18. Nf3 Rac8 19. Nd4 Qg6 20. Qe5 Rfe8 21. Qxd5 Qd3 22. Rf1 h6 23. Be3 Re4 24. Qxd7 Rc4 25. h3 b4 26. b3 Rcxd4 27. Bxd4 Rxd4 28. Qe8+ Kh7 29. Qxf7 Rd6 30. Qf4 Rg6 31. Qxb4 Qf3 32. g3 Rxg3+ 33. fxg3 Qxg3+ 34. Kh1 Qxh3+ 35. Kg1 1/2-1/2

[Event "Arica 3rd"]
[Site "Arica"]
[Date "2016.07.14"]
[Round "6.8"]
[White "Perez Gormaz, Matias Ariel"]
[Black "Paez Medina, Guillermo Alejandro"]
[Result "1-0"]
[WhiteElo "2441"]
[BlackElo "2119"]
[PlyCount "131"]
[EventDate "2016.07.10"]
[EventType "swiss"]
[EventRounds "10"]
[EventCountry "CHI"]
[SourceTitle "EXT 2024"]
[Source "ChessBase"]
[SourceDate "2023.10.10"]
[SourceVersion "1"]
[SourceVersionDate "2023.10.10"]
[SourceQuality "1"]

1. e4 e5 2. Nf3 Nc6 3. Bc4 Nf6 4. d3 Be7 5. 0-0 0-0 6. Re1 d6 7. c3 Na5 8. Bb5 a6 9. Ba4 b5 10. Bc2 c5 11. Nbd2 b4 12. cxb4 cxb4 13. d4 Qc7 14. h3 Be6 15. d5 Bd7 16. a3 Rfb8 17. axb4 Rxb4 18. Re3 Bd8 19. Rc3 Qb8 20. b3 Rb7 21. Bb2 Ne8 22. Nb1 Qa7 23. Na3 Rbb8 24. Bc1 Rc8 25. Bd2 Rxc3 26. Bxc3 Nb7 27. Nc4 f6 28. Bd2 Bb5 29. Be3 Nc5 30. Nfd2 Qc7 31. f4 exf4 32. Bxf4 Nd7 33. Bd3 Bxc4 34. Nxc4 Ne5 35. Nxe5 fxe5 36. Be3 Nf6 37. Rc1 Qa5 38. Rc6 Qb4 39. Kh2 h6 40. Rc4 Qa5 41. Qc2 Qe1 42. Bf2 Qa5 43. Ra4 Qc7 44. Qxc7 Bxc7 45. Rc4 Ba5 46. Kg3 Rb8 47. Bc2 Rf8 48. Be3 Be1+ 49. Kh2 Nh5 50. Kg1 Ng3 51. Bd3 Rb8 52. b4 Bxb4 53. Ba7 Rb7 54. Bf2 Nh5 55. Rc8+ Kh7 56. Bxa6 Rf7 57. g3 Ba3 58. Kg2 Nf6 59. Rc4 Rf8 60. Be3 Ra8 61. Bc8 Bb2 62. Bf5+ Kh8 63. Rc6 Bd4 64. Bxd4 exd4 65. Rxd6 Ra2+ 66. Kf1 1-0

[Event "CHI-ch"]
[Site "Santiago de Chile"]
[Date "2010.02.23"]
[Round "7"]
[White "Carrasco Miranda, Andres"]
[Black "Paez Medina, Guillermo Alejandro"]
[Result "1-0"]
[WhiteElo "2183"]
[BlackElo "2086"]
[PlyCount "63"]
[EventDate "2010.02.18"]
[EventType "tourn"]
[EventRounds "13"]
[EventCountry "CHI"]
[EventCategory "2"]
[SourceTitle "CBM 135 Extra"]
[Source "ChessBase"]
[SourceDate "2010.05.04"]
[SourceVersion "1"]
[SourceVersionDate "2010.05.04"]
[SourceQuality "1"]

1. Nf3 Nf6 2. c4 g6 3. g3 Bg7 4. Bg2 0-0 5. 0-0 d6 6. Nc3 Nc6 7. Rb1 Bg4 8. b4 Qc8 9. Re1 Bxf3 10. exf3 e5 11. d3 a6 12. a4 Nd7 13. Nd5 Qd8 14. Be3 Ne7 15. Nxe7+ Qxe7 16. f4 c6 17. b5 axb5 18. axb5 Rfc8 19. bxc6 bxc6 20. Rb7 f5 21. c5 Qe6 22. cxd6 Ra3 23. fxe5 Bxe5 24. Bf4 Qxd6 25. Rxd7 Qxd7 26. Bxe5 Rxd3 27. Qc1 Rd8 28. Bxc6 Qe7 29. Bb5 Rd2 30. Bc4+ Kf8 31. Bf4 Qxe1+ 32. Qxe1 1-0

[Event "CHI-ch"]
[Site "Santiago de Chile"]
[Date "2010.02.19"]
[Round "2"]
[White "Paez Medina, Guillermo Alejandro"]
[Black "Calvo Salas, Pablo"]
[Result "1/2-1/2"]
[WhiteElo "2086"]
[BlackElo "2305"]
[PlyCount "63"]
[EventDate "2010.02.18"]
[EventType "tourn"]
[EventRounds "13"]
[EventCountry "CHI"]
[EventCategory "2"]
[SourceTitle "CBM 135 Extra"]
[Source "ChessBase"]
[SourceDate "2010.05.04"]
[SourceVersion "1"]
[SourceVersionDate "2010.05.04"]
[SourceQuality "1"]

1. e4 e5 2. Nf3 Nc6 3. Bc4 Nf6 4. Ng5 d5 5. exd5 b5 6. Bf1 Nd4 7. c3 Nxd5 8. cxd4 Qxg5 9. Bxb5+ Kd8 10. Qf3 Bb7 11. 0-0 Rb8 12. dxe5 Nb4 13. d4 Qg6 14. d5 Bxd5 15. Rd1 Rxb5 16. Nc3 Qc6 17. Bg5+ Kc8 18. Nxb5 Qxb5 19. Qf5+ Be6 20. Rd8+ Kb7 21. Qe4+ Qc6 22. Qe2 Nd5 23. b4 h6 24. b5 Qb6 25. Bd2 Qd4 26. Rc1 g5 27. Be3 Qxe5 28. Qc4 Bc5 29. Rxd5 Qxd5 30. Qxd5+ Bxd5 31. Bxc5 Bxa2 32. Ra1 1/2-1/2

[Event "CHI-ch"]
[Site "Santiago de Chile"]
[Date "2010.02.18"]
[Round "1"]
[White "Valdes Escobar, Alvaro Daniel"]
[Black "Paez Medina, Guillermo Alejandro"]
[Result "0-1"]
[WhiteElo "2361"]
[BlackElo "2086"]
[PlyCount "56"]
[EventDate "2010.02.18"]
[EventType "tourn"]
[EventRounds "13"]
[EventCountry "CHI"]
[EventCategory "2"]
[SourceTitle "CBM 135 Extra"]
[Source "ChessBase"]
[SourceDate "2010.05.04"]
[SourceVersion "1"]
[SourceVersionDate "2010.05.04"]
[SourceQuality "1"]

1. c4 e5 2. Nc3 Nf6 3. Nf3 Nc6 4. e3 Bb4 5. Qc2 0-0 6. Nd5 Re8 7. Qf5 d6 8. Nxf6+ gxf6 9. Qh5 e4 10. Nd4 Nxd4 11. exd4 c5 12. d5 e3 13. fxe3 Rxe3+ 14. Kd1 Re5 15. Qh4 Qd7 16. Be2 Qe7 17. Bd3 Bf5 18. Bxf5 Rxf5 19. Re1 Re5 20. Rf1 Rg5 21. Qf2 Re8 22. a3 Ba5 23. d3 Rf5 24. Bf4 Rxf4 25. Qg3+ Kf8 26. Rxf4 Qe2+ 27. Kc1 Qd2+ 28. Kb1 Re2 0-1